000 00668nam a2200241Ia 4500
003 OSt
005 20221007082413.0
006 a|||||r|||| 00| 0
007 ta
008 221006b |||||||| |||| 00| 0 eng d
024 _a18,041
037 _cReports / Technical Reports
040 _aFLL
_cFLL
_beng
041 _2eng
_aeng
082 _aY5927.2.N78t, L8
110 _aGovt. of india
245 0 _aCommittee on the welfare of scheduled castes and scheduled tribes 1978-79
260 _c1978
300 _a17p
_ccm.
700 _aGovt. of india
942 _hY5927.2.N78t, L8
_cREP
_2CC
999 _c1166312
_d1166312